| 000 | 00668nam a22002417a 4500 | ||
|---|---|---|---|
| 005 | 20250516103523.0 | ||
| 008 | 250516b |||||||| |||| 00| 0 eng d | ||
| 037 | _cTB | ||
| 040 |
_aLCT _cLCT |
||
| 041 |
_2eng _aeng _heng |
||
| 084 | _aZ,4 Q15 | ||
| 100 |
_a Winfield _9784714 |
||
| 245 | _aTort / | ||
| 250 | _a19th ed. | ||
| 260 |
_aLondon, United Kingdom: _bSweet & Maxwell, Thomson Reuters, _c2015 |
||
| 300 | _acLvi, 852p. | ||
| 650 |
_aLaw _9784715 |
||
| 650 |
_aTorts _9784716 |
||
| 650 |
_aTorts Wales _9784717 |
||
| 650 |
_aNuisance _9784718 |
||
| 700 |
_aJolowicz _9784719 |
||
| 942 |
_2CC _cTB _hZ,4 Q15 _n0 |
||
| 999 |
_c1400990 _d1400990 |
||